Statistics for WWE Smackdown: Shut Your Mouth (PS2) Roster

Click here to take the quiz!

General Stats

  • This quiz has been taken 95 times
    (91 since last reset)
  • The average score is 42 of 60

Answer Stats

Wrestler% Correct
The Rock
98%
D-Von
97%
Edge
95%
The Undertaker
93%
Brock Lesnar
92%
Bubba Ray Dudley
92%
Stone Cold Steve Austin
92%
Christian
90%
Matt Hardy
90%
Triple H
90%
Jeff Hardy
88%
Kane
88%
Lita
86%
Chris Jericho
85%
Spike Dudley
85%
Trish Stratus
85%
Kurt Angle
83%
Vince McMahon
83%
Chris Benoit
81%
Hollywood Hulk Hogan
81%
Test
81%
The Big Show
80%
Albert
78%
Booker T
78%
Eddie Guerrero
78%
Stephanie McMahon
76%
Ric Flair
75%
Rob Van Dam
75%
Billy
73%
Bradshaw
73%
Shawn Michaels
73%
Randy Orton
69%
X-Pac
69%
Goldust
68%
Kevin Nash
68%
William Regal
68%
Faarooq
66%
Hardcore Holly
64%
Chuck
63%
The Hurricane
61%
Lance Storm
59%
Maven
58%
Jazz
56%
Raven
56%
Rikishi
56%
Tazz
56%
Stacy Keibler
54%
Torrie Wilson
54%
Molly Holly
53%
Scotty 2 Hotty
49%
The Big Valbowski
49%
DDP
47%
Tajiri
46%
Al Snow
44%
Rhyno
44%
Mark Henry
42%
Ivory
39%
Rico
36%
Billy Kidman
31%
Shawn Stasiak
27%

Score Distribution

Percentile by Number Answered

Percent of People with Each Score

Your Score History

You have not taken this quiz since the last reset